MAHA LAND REVENUE CODE (Record no. 850104)

MARC details
000 -LEADER
fixed length control field 00287nam a2200121Ia 4500
008 - FIXED-LENGTH DATA ELEMENTS--GENERAL INFORMATION
fixed length control field 230817s2022 xx 000 0 und d
041 ## - LANGUAGE CODE
Language code of text/sound track or separate title eng
082 ## - DEWEY DECIMAL CLASSIFICATION NUMBER
Classification number 346043/NAN
100 ## - MAIN ENTRY--PERSONAL NAME
Personal name AMIT NANDA
245 ## - TITLE STATEMENT
Title MAHA LAND REVENUE CODE
260 ## - PUBLICATION, DISTRIBUTION, ETC.
Place of publication, distribution, etc. Mumbai
Name of publisher, distributor, etc. Snow White
Date of publication, distribution, etc. 2022
300 ## - PHYSICAL DESCRIPTION
Extent 1-145p
Holdings
Withdrawn status Lost status Damaged status Not for loan Home library Current library Date acquired Total Checkouts Full call number Barcode Date last seen Price effective from Koha item type
        Yashwantrao Chavan Law College,Karad YLK Yashwantrao Chavan Law College,Karad YLK 16/04/2022   346043/NAN YLK-7340 17/08/2023 17/08/2023 Book